[Event "Bogota Empresas op"]
[Site "Bogota"]
[Date "2024.05.19"]
[Round "5"]
[White "Bernal Posada, Diego"]
[Black "Piza Rodriguez, Alejandro"]
[Result "0-1"]
[WhiteElo "1765"]
[BlackElo "1600"]
[PlyCount "71"]
[EventDate "2024.05.19"]
[EventType "swiss"]
[EventRounds "7"]
[EventCountry "COL"]
[SourceTitle "CB21_2024"]
[SourceDate "2024.05.22"]
[SourceVersion "1"]
[SourceVersionDate "2024.05.22"]
[SourceQuality "1"]

1. e4 e5 2. Bc4 Nf6 3. d3 d5 4. exd5 Nxd5 5. Nf3 Nc6 6. Qe2 Qd6 7. Nc3 Nxc3 8. bxc3 h6 9. 0-0 Bg4 10. Qe4 f5 11. Qe2 Be7 12. Qe3 Bf6 13. d4 e4 14. Nd2 0-0-0 15. f3 exf3 16. Nxf3 Rde8 17. Qf2 Re7 18. d5 Bxc3 19. dxc6 Bxa1 20. Qxa7 bxc6 21. Qa8+ Kd7 22. Qxh8 Bxf3 23. gxf3 Qd4+ 24. Kg2 Qxc4 25. Bd2 Re2+ 26. Rf2 Rxf2+ 27. Kxf2 Qd4+ 28. Be3 Qh4+ 29. Kg2 f4 30. Qxg7+ Bxg7 31. Bf2 Qg5+ 32. Kf1 Kd6 33. Ke2 Qg2 34. a4 Bd4 35. Kd3 Qxf2 36. Ke4 0-1